[Event "SVK-chT2A 10/11"]
[Site "Slovakia"]
[Date "2011.03.27"]
[Round "11.3"]
[White "Sosovicka, Juraj"]
[Black "Hrivnak, Martin"]
[Result "1/2-1/2"]
[WhiteElo "2163"]
[BlackElo "2143"]
[PlyCount "56"]
[EventDate "2010.10.23"]
[EventType "team-tourn"]
[EventRounds "11"]
[EventCountry "SVK"]
[SourceTitle "EXT 2019"]
[Source "ChessBase"]
[SourceDate "2018.10.10"]
[SourceVersion "1"]
[SourceVersionDate "2018.10.10"]
[SourceQuality "1"]
[WhiteTeam "Devinska Nova Ves"]
[BlackTeam "Bratislava Slavia STU"]
[WhiteTeamCountry "SVK"]
[BlackTeamCountry "SVK"]

1. e4 g6 2. d4 Bg7 3. Nc3 d6 4. Be3 Nf6 5. Qd2 e5 6. Nge2 Ng4 7. Bg5 f6 8. Bh4 Nc6 9. h3 Nh6 10. f4 exd4 11. Nxd4 Nxd4 12. Qxd4 0-0 13. Bc4+ Kh8 14. 0-0-0 Bd7 15. Qd2 Qe8 16. Rhe1 Be6 17. Bd5 Bxd5 18. Nxd5 Qf7 19. g4 Rae8 20. Kb1 Ng8 21. Qb4 f5 22. Bg3 fxe4 23. Rxe4 Rxe4 24. Qxe4 Re8 25. Qd3 c6 26. Nc3 d5 27. Rf1 Qe7 28. Re1 Qf7 1/2-1/2

[Event "SVK-chT2A 10/11"]
[Site "Slovakia"]
[Date "2011.03.26"]
[Round "10.3"]
[White "Hrivnak, Martin"]
[Black "Janos, Ivan"]
[Result "1-0"]
[WhiteElo "2143"]
[BlackElo "2163"]
[PlyCount "127"]
[EventDate "2010.10.23"]
[EventType "team-tourn"]
[EventRounds "11"]
[EventCountry "SVK"]
[SourceTitle "EXT 2019"]
[Source "ChessBase"]
[SourceDate "2018.10.10"]
[SourceVersion "1"]
[SourceVersionDate "2018.10.10"]
[SourceQuality "1"]
[WhiteTeam "Bratislava Slavia STU"]
[BlackTeam "Pezinok KS"]
[WhiteTeamCountry "SVK"]
[BlackTeamCountry "SVK"]

1. Nf3 Nf6 2. c4 c5 3. Nc3 e6 4. e3 a6 5. Be2 Nc6 6. 0-0 d5 7. cxd5 exd5 8. d4 cxd4 9. Nxd4 Be7 10. b3 0-0 11. Bb2 Re8 12. Nxc6 bxc6 13. Rc1 Qd6 14. Bf3 Bd8 15. Ne2 Ng4 16. Ng3 Bf6 17. Bxf6 Nxf6 18. Qc2 Bd7 19. Rfd1 Qe5 20. Qc3 Qg5 21. Qc5 h5 22. Qd6 Rad8 23. Qc7 h4 24. Ne2 Ng4 25. Qf4 Qxf4 26. Nxf4 Ne5 27. Be2 a5 28. Rd4 g5 29. Nd3 Kg7 30. Nxe5 Rxe5 31. Rc5 Ra8 32. Ra4 f5 33. Kf1 Kf6 34. Rcxa5 Rb8 35. Ra8 Ree8 36. Rxb8 Rxb8 37. Ra7 Ke6 38. Bd3 Kd6 39. Ke2 Re8 40. Kd2 Rb8 41. Kc3 Rf8 42. Ra4 Rb8 43. g3 hxg3 44. fxg3 Rh8 45. h4 f4 46. exf4 gxh4 47. gxh4 Rxh4 48. Kd2 Rh2+ 49. Ke1 Rh3 50. Bf1 Rh2 51. Be2 Bf5 52. Ra8 Rh4 53. Rf8 Bb1 54. a4 Bc2 55. a5 Bxb3 56. a6 Rh1+ 57. Kd2 Ra1 58. Kc3 Bc4 59. Bxc4 dxc4 60. Ra8 Kc5 61. f5 Ra3+ 62. Kb2 Rb3+ 63. Ka2 Rb6 64. f6 1-0

[Event "SVK-chT2A 10/11"]
[Site "Slovakia"]
[Date "2011.02.06"]
[Round "7.3"]
[White "Hrivnak, Martin"]
[Black "Janos, Jozef"]
[Result "1/2-1/2"]
[WhiteElo "2143"]
[BlackElo "2196"]
[PlyCount "84"]
[EventDate "2010.10.23"]
[EventType "team-tourn"]
[EventRounds "11"]
[EventCountry "SVK"]
[SourceTitle "EXT 2019"]
[Source "ChessBase"]
[SourceDate "2018.10.10"]
[SourceVersion "1"]
[SourceVersionDate "2018.10.10"]
[SourceQuality "1"]
[WhiteTeam "Bratislava Slavia STU"]
[BlackTeam "Bratislava Doprastav II"]
[WhiteTeamCountry "SVK"]
[BlackTeamCountry "SVK"]

1. Nf3 c5 2. g3 Nf6 3. Bg2 e6 4. 0-0 Be7 5. c4 0-0 6. Nc3 d5 7. cxd5 Nxd5 8. d4 Nxc3 9. bxc3 Nc6 10. e4 b6 11. d5 exd5 12. exd5 Na5 13. Qc2 Bb7 14. Rd1 Bf6 15. Nd2 g6 16. Ne4 Bg7 17. Rb1 Bc8 18. c4 Bf5 19. Bb2 Bxb2 20. Rxb2 Re8 21. f3 Bxe4 22. fxe4 Qf6 23. Rbb1 Rad8 24. Rd2 Nb7 25. Rf1 Qe5 26. Qa4 Nd6 27. Qxa7 Ra8 28. Qd7 Re7 29. Qg4 Nxc4 30. Rd3 Nd6 31. Qf4 Rxa2 32. Qxe5 Rxe5 33. Rf6 c4 34. Rd1 Nb5 35. d6 Re8 36. d7 Rd8 37. Rc6 Kf8 38. Rxc4 Ra7 39. Bh3 Nc7 40. Rdc1 Ne6 41. Bxe6 fxe6 42. Rc6 Raxd7 1/2-1/2

[Event "SVK-chT2A 10/11"]
[Site "Slovakia"]
[Date "2010.12.04"]
[Round "3.2"]
[White "Hrivnak, Martin"]
[Black "Bronis, Marian"]
[Result "0-1"]
[WhiteElo "2143"]
[BlackElo "2136"]
[PlyCount "118"]
[EventDate "2010.10.23"]
[EventType "team-tourn"]
[EventRounds "11"]
[EventCountry "SVK"]
[SourceTitle "EXT 2019"]
[Source "ChessBase"]
[SourceDate "2018.10.10"]
[SourceVersion "1"]
[SourceVersionDate "2018.10.10"]
[SourceQuality "1"]
[WhiteTeam "Bratislava Slavia STU"]
[BlackTeam "Krasnany"]
[WhiteTeamCountry "SVK"]
[BlackTeamCountry "SVK"]

1. Nf3 g6 2. d4 Bg7 3. e4 d6 4. Bc4 c5 5. 0-0 cxd4 6. Nxd4 Nc6 7. Nxc6 bxc6 8. Nc3 Qb6 9. Be3 Qb4 10. Qd3 Nf6 11. h3 0-0 12. a4 Nd7 13. Na2 Qxa4 14. Nc3 Qb4 15. Ra4 Qxb2 16. Nd1 Qb7 17. f4 Nb6 18. Rb4 Qc7 19. Ba2 c5 20. Rb1 a5 21. Qb5 Nd7 22. Qa4 Bb7 23. Nf2 Bc6 24. Qa3 Rab8 25. Rxb8 Rxb8 26. f5 Bb2 27. Bxf7+ Kxf7 28. fxg6+ hxg6 29. Ng4+ Nf6 30. Qa2+ Ke8 31. Rb1 Nxg4 32. hxg4 Bxe4 33. Rxb2 Rxb2 34. Qxb2 e5 35. Qa2 c4 36. Qa4+ Qc6 37. Qxa5 Bxc2 38. Bg5 Qd7 39. Qa8+ Kf7 40. Qh8 Ke6 41. Qg8+ Qf7 42. Qc8+ Kd5 43. Qa8+ Kd4 44. Bh4 e4 45. Qc6 Qe6 46. Qb6+ Kd3 47. Qf2 Qxg4 48. Bf6 e3 49. Qf1+ Kd2 50. Kh2 Be4 51. Bc3+ Kxc3 52. Qe1+ Kd4 53. Qa1+ Kd5 54. Qa8+ Kd4 55. Qa1+ c3 56. Qa4+ Kd5 57. Qb3+ Kd4 58. Qb6+ Kd3 59. Qb1+ Kd2 0-1

[Event "SVK-chT2A 10/11"]
[Site "Slovakia"]
[Date "2010.10.23"]
[Round "1.3"]
[White "Hrivnak, Martin"]
[Black "Liptak, Dusan"]
[Result "0-1"]
[WhiteElo "2143"]
[BlackElo "2086"]
[PlyCount "72"]
[EventDate "2010.10.23"]
[EventType "team-tourn"]
[EventRounds "11"]
[EventCountry "SVK"]
[SourceTitle "EXT 2019"]
[Source "ChessBase"]
[SourceDate "2018.10.10"]
[SourceVersion "1"]
[SourceVersionDate "2018.10.10"]
[SourceQuality "1"]
[WhiteTeam "Bratislava Slavia STU"]
[BlackTeam "Trnava Lokomotiva II"]
[WhiteTeamCountry "SVK"]
[BlackTeamCountry "SVK"]

1. d4 Nf6 2. Nf3 e6 3. g3 d5 4. Bg2 c5 5. 0-0 Nc6 6. b3 cxd4 7. Nxd4 Bc5 8. Bb2 Qb6 9. Nxc6 bxc6 10. Nc3 Be7 11. Na4 Qa5 12. c4 0-0 13. Rc1 Ba6 14. Bc3 Qd8 15. cxd5 cxd5 16. Qd2 Qd6 17. Qb2 Bb5 18. Be5 Qa6 19. Nc5 Qb6 20. Bd4 e5 21. Nd7 Qxd4 22. Qxd4 exd4 23. Nxf8 Kxf8 24. Rfd1 Bxe2 25. Rxd4 Rd8 26. Rc2 Bg4 27. Rc7 Be6 28. b4 Rb8 29. a3 a5 30. Rc1 axb4 31. axb4 Rxb4 32. Rd3 Rc4 33. Ra1 Bb4 34. Bf1 Rc2 35. Rb3 Bc5 36. Rb7 g6 0-1

[Event "SVK-chT1E 0910"]
[Site "Slovakia"]
[Date "2010.03.06"]
[Round "10.2"]
[White "Tomcik, Milan"]
[Black "Hrivnak, Martin"]
[Result "1-0"]
[WhiteElo "2080"]
[BlackElo "2208"]
[PlyCount "114"]
[EventDate "2009.10.17"]
[EventType "team"]
[EventRounds "11"]
[EventCountry "SVK"]
[SourceTitle "EXT 2011"]
[Source "ChessBase"]
[SourceDate "2010.11.26"]
[SourceVersion "1"]
[SourceVersionDate "2010.11.26"]
[SourceQuality "1"]
[WhiteTeam "Rajecke Teplice"]
[BlackTeam "Kosice Slavia II"]
[WhiteTeamCountry "SVK"]
[BlackTeamCountry "SVK"]

1. e4 g6 2. d4 Bg7 3. Nf3 c6 4. Bd3 d6 5. 0-0 e5 6. dxe5 dxe5 7. Qe2 Nd7 8. c3 Ngf6 9. b4 0-0 10. a4 Nh5 11. g3 Re8 12. Rd1 Qe7 13. Be3 a5 14. b5 Nc5 15. Bc2 Bg4 16. Kg2 Bf8 17. h3 Bxf3+ 18. Kxf3 Ng7 19. Nd2 f5 20. Kg2 Nce6 21. bxc6 bxc6 22. Qc4 Kh8 23. Nf3 f4 24. Bc1 fxg3 25. fxg3 Qc5 26. Qxc5 Nxc5 27. Rb1 Nh5 28. Rb6 Rac8 29. Be3 Nf6 30. Bxc5 Bxc5 31. Ra6 Be3 32. Rxa5 Rb8 33. Rd3 Rb2 34. Rxe3 Rxc2+ 35. Kf1 Nh5 36. Nxe5 Rf8+ 37. Ke1 Rg2 38. Rf3 Rxf3 39. Nxf3 Nxg3 40. Rg5 Re2+ 41. Kd1 Rxe4 42. Rxg3 Rxa4 43. Nd4 Ra5 44. Ne6 Kg8 45. Rf3 Ra8 46. Kd2 Re8 47. Nd4 Rd8 48. Ke3 Re8+ 49. Kd3 Kg7 50. Nxc6 g5 51. Kd4 h5 52. Ne5 Rd8+ 53. Ke4 Rc8 54. c4 g4 55. hxg4 hxg4 56. Rg3 Kf6 57. Rxg4 Rc5 1-0

[Event "SVK-chT 0910"]
[Site "Slovakia"]
[Date "2009.11.28"]
[Round "3"]
[White "Michenka, Jozef"]
[Black "Hrivnak, Martin"]
[Result "1-0"]
[WhiteElo "2366"]
[BlackElo "2208"]
[PlyCount "49"]
[EventDate "2009.10.24"]
[EventType "team-tourn"]
[EventRounds "11"]
[EventCountry "SVK"]
[SourceTitle "EXT 2019"]
[Source "ChessBase"]
[SourceDate "2018.10.10"]
[SourceVersion "1"]
[SourceVersionDate "2018.10.10"]
[SourceQuality "1"]
[WhiteTeam "Kezmarok"]
[BlackTeam "Hlohovec"]
[WhiteTeamCountry "SVK"]
[BlackTeamCountry "SVK"]

1. d4 Nf6 2. c4 c5 3. d5 e5 4. Nc3 d6 5. e4 Nbd7 6. Bd3 Be7 7. Nge2 h5 8. h4 Ng4 9. g3 g6 10. Bd2 f5 11. f3 f4 12. fxg4 hxg4 13. Qa4 f3 14. Nc1 Rxh4 15. gxh4 Bxh4+ 16. Kd1 g3 17. Be2 Qf6 18. Nd3 g2 19. Rg1 Ke7 20. Kc2 Nb6 21. Qb3 Bh3 22. Bxf3 Qxf3 23. a4 Rf8 24. a5 Qf1 25. Raxf1 1-0

[Event "SVK-chT 0809"]
[Site "Slovakia"]
[Date "2009.03.15"]
[Round "11"]
[White "Varga, David"]
[Black "Hrivnak, Martin"]
[Result "1-0"]
[WhiteElo "2270"]
[BlackElo "2169"]
[PlyCount "109"]
[EventDate "2008.10.25"]
[EventType "team-tourn"]
[EventRounds "11"]
[EventCountry "SVK"]
[SourceTitle "EXT 2019"]
[Source "ChessBase"]
[SourceDate "2018.10.10"]
[SourceVersion "1"]
[SourceVersionDate "2018.10.10"]
[SourceQuality "1"]
[WhiteTeam "Dunajska Streda"]
[BlackTeam "Hlohovec"]
[WhiteTeamCountry "SVK"]
[BlackTeamCountry "SVK"]

1. e4 Nc6 2. Nf3 d6 3. d4 Nf6 4. Bb5 a6 5. Ba4 b5 6. Bb3 Na5 7. Qe2 e6 8. e5 Nd7 9. Bd5 exd5 10. exd6+ Be7 11. dxe7 Qxe7 12. Qxe7+ Kxe7 13. a4 bxa4 14. Rxa4 Nc4 15. Nc3 Ncb6 16. Ra5 c6 17. b3 f6 18. Bf4 Nf8 19. Bc7 Nbd7 20. Kd2 Ne6 21. Re1 Ra7 22. Bg3 g5 23. h3 h5 24. Na2 h4 25. Bh2 Kf7 26. Bd6 Ndf8 27. Nb4 Bb7 28. Rea1 Ng6 29. Bc5 Nxc5 30. dxc5 Nf4 31. Nd4 Nxg2 32. Ndxc6 Raa8 33. Nd4 Bc8 34. Nxd5 Rd8 35. Nb6 Bxh3 36. Nxa8 Rxd4+ 37. Kc3 Rd8 38. Nb6 Nf4 39. Rxa6 Bg2 40. Nc4 h3 41. Ne3 h2 42. Ra7+ Kg6 43. Kc4 Ne2 44. f4 Rd4+ 45. Kb5 Ng1 46. f5+ Kh6 47. R1a6 g4 48. Rxf6+ Kg5 49. Rg6+ Kf4 50. Nxg2+ Kf3 51. Rh6 Nh3 52. Nh4+ Ke2 53. Ra1 Ng1 54. Ng6 g3 55. c6 1-0

[Event "SVK-chT 0809"]
[Site "Slovakia"]
[Date "2009.03.14"]
[Round "10"]
[White "Profant, Tibor"]
[Black "Hrivnak, Martin"]
[Result "1-0"]
[WhiteElo "2210"]
[BlackElo "2169"]
[PlyCount "125"]
[EventDate "2008.10.25"]
[EventType "team-tourn"]
[EventRounds "11"]
[EventCountry "SVK"]
[SourceTitle "EXT 2019"]
[Source "ChessBase"]
[SourceDate "2018.10.10"]
[SourceVersion "1"]
[SourceVersionDate "2018.10.10"]
[SourceQuality "1"]
[WhiteTeam "Liptov"]
[BlackTeam "Hlohovec"]
[WhiteTeamCountry "SVK"]
[BlackTeamCountry "SVK"]

1. e4 d6 2. d4 Nf6 3. Nc3 c6 4. Nf3 g6 5. Be3 Bg7 6. Qd2 Ng4 7. Bg5 f6 8. Bh4 0-0 9. Bc4+ e6 10. h3 Nh6 11. Bb3 d5 12. 0-0 Nf7 13. e5 Bh6 14. Qd3 g5 15. Bg3 f5 16. Ne2 Bd7 17. c4 Na6 18. Nd2 Nh8 19. f4 Ng6 20. Qf3 gxf4 21. Nxf4 Nxf4 22. Bxf4 Qh4 23. Qe3 Bxf4 24. Rxf4 Qe7 25. Raf1 Kh8 26. Qf2 Rg8 27. Kh2 Be8 28. Nf3 Nc7 29. Ng1 dxc4 30. Bxc4 Nd5 31. Bxd5 cxd5 32. Rc1 Bh5 33. Qh4 Qxh4 34. Rxh4 Bg6 35. Rf4 Rac8 36. Rc3 Rxc3 37. bxc3 Rc8 38. Ne2 Rc6 39. Rf2 Kg7 40. Nf4 Kf7 41. Rb2 b6 42. Rb3 Ke7 43. Kg3 Be8 44. Kh4 h6 45. Nh5 Rc4 46. Nf6 Ba4 47. Ra3 b5 48. Kh5 Rc7 49. Kxh6 Kf8 50. h4 Rg7 51. Nh7+ Kg8 52. Ng5 f4 53. Nxe6 Rxg2 54. Nxf4 Rg4 55. Nxd5 Kf7 56. h5 a5 57. Nb6 Bd1 58. Rxa5 Be2 59. d5 Re4 60. Ra7+ Ke8 61. e6 Re5 62. Kg7 Bxh5 63. Kf6 1-0

[Event "SVK-chT 0809"]
[Site "Slovakia"]
[Date "2009.01.17"]
[Round "6"]
[White "Theissl Pokorna, Regina"]
[Black "Hrivnak, Martin"]
[Result "0-1"]
[WhiteElo "2376"]
[BlackElo "2169"]
[PlyCount "120"]
[EventDate "2008.10.25"]
[EventType "team-tourn"]
[EventRounds "11"]
[EventCountry "SVK"]
[SourceTitle "EXT 2019"]
[Source "ChessBase"]
[SourceDate "2018.10.10"]
[SourceVersion "1"]
[SourceVersionDate "2018.10.10"]
[SourceQuality "1"]
[WhiteTeam "Trencin"]
[BlackTeam "Hlohovec"]
[WhiteTeamCountry "SVK"]
[BlackTeamCountry "SVK"]

1. e4 Nc6 2. Nf3 d6 3. Bc4 e6 4. d4 Nf6 5. Nc3 Be7 6. 0-0 0-0 7. e5 dxe5 8. dxe5 Qxd1 9. Rxd1 Nd7 10. Bf4 Nb6 11. Bb3 Na5 12. Nb5 Bd7 13. Na3 Rfd8 14. Bg5 Kf8 15. Rac1 h6 16. Bxe7+ Kxe7 17. Kf1 a6 18. Nb1 Bb5+ 19. Ke1 Bc6 20. Nbd2 Nd7 21. Kf1 Nc5 22. Ne1 Rd7 23. Ndf3 Rad8 24. Rxd7+ Rxd7 25. Ke2 Bb5+ 26. Ke3 Naxb3 27. axb3 a5 28. h4 b6 29. Nd4 Ba6 30. b4 axb4 31. Nc6+ Ke8 32. Nxb4 Bb7 33. f3 Rd8 34. b3 Ra8 35. Nbd3 Nd7 36. g4 g5 37. Ng2 Ra5 38. hxg5 hxg5 39. b4 Ra3 40. c3 Ba6 41. Nge1 c5 42. bxc5 bxc5 43. f4 gxf4+ 44. Kxf4 Ra4+ 45. Kg5 Re4 46. Nf2 Re2 47. Nfd3 c4 48. Nb4 Bb7 49. Nec2 Nxe5 50. Nd4 Re4 51. Ra1 Rxg4+ 52. Kh5 Rg2 53. Ra7 Be4 54. Ra5 Nd7 55. Kh4 Nf8 56. Kh3 Rg1 57. Kh2 Rg2+ 58. Kh3 Ng6 59. Rc5 Nf4+ 60. Kh4 f5 0-1

[Event "SVK-chT 0809"]
[Site "Slovakia"]
[Date "2008.11.30"]
[Round "4"]
[White "Krajnak, Martin"]
[Black "Hrivnak, Martin"]
[Result "1/2-1/2"]
[WhiteElo "2301"]
[BlackElo "2169"]
[PlyCount "74"]
[EventDate "2008.10.25"]
[EventType "team-tourn"]
[EventRounds "11"]
[EventCountry "SVK"]
[SourceTitle "EXT 2019"]
[Source "ChessBase"]
[SourceDate "2018.10.10"]
[SourceVersion "1"]
[SourceVersionDate "2018.10.10"]
[SourceQuality "1"]
[WhiteTeam "Kezmarok"]
[BlackTeam "Hlohovec"]
[WhiteTeamCountry "SVK"]
[BlackTeamCountry "SVK"]

1. Nc3 d5 2. e4 d4 3. Nce2 Nc6 4. Ng3 e5 5. Nf3 g6 6. Bb5 Bg7 7. Bxc6+ bxc6 8. d3 Ne7 9. 0-0 h5 10. h3 h4 11. Ne2 f6 12. Nh2 g5 13. f3 Ng6 14. Ng4 Be6 15. Bd2 c5 16. b3 0-0 17. Qe1 Qd7 18. a4 Rab8 19. Qc1 Nf4 20. Nxf4 exf4 21. Qa3 Qc6 22. Rae1 Bxg4 23. fxg4 Rfe8 24. a5 Bf8 25. Qa2 Qe6 26. Qa4 Kg7 27. Rf3 Qe5 28. Qc4 Bd6 29. Qa6 Ra8 30. Ra1 Rec8 31. Qc6 Rab8 32. Ra4 Qe7 33. Rc4 Qe5 34. Bc1 Qe8 35. Qxe8 Rxe8 36. Bd2 Rb5 37. Rf1 Kf7 1/2-1/2

[Event "SVK-chT2A 0809"]
[Site "Slovakia"]
[Date "2008.11.08"]
[Round "3.2"]
[White "Hrivnak, Martin"]
[Black "Sosovicka, Juraj"]
[Result "1/2-1/2"]
[WhiteElo "2169"]
[BlackElo "2040"]
[PlyCount "106"]
[EventDate "2008.10.11"]
[EventType "team-tourn"]
[EventRounds "11"]
[EventCountry "SVK"]
[SourceTitle "EXT 2010"]
[Source "ChessBase"]
[SourceDate "2010.11.25"]
[SourceVersion "1"]
[SourceVersionDate "2010.11.25"]
[SourceQuality "1"]
[WhiteTeam "Bratislava Slavia STU"]
[BlackTeam "Osuske"]
[WhiteTeamCountry "SVK"]
[BlackTeamCountry "SVK"]

1. Nf3 d5 2. g3 c6 3. Bg2 Bg4 4. Ne5 Bf5 5. d4 Nd7 6. Nd3 Ngf6 7. 0-0 e6 8. Nd2 c5 9. c3 Bd6 10. dxc5 Nxc5 11. Nxc5 Bxc5 12. Qa4+ Qd7 13. Qxd7+ Kxd7 14. c4 Rhd8 15. Nb3 Bb6 16. cxd5 exd5 17. Bg5 Ke7 18. Rac1 Be4 19. Bxe4 dxe4 20. Nc5 Bxc5 21. Rxc5 Ke6 22. f3 exf3 23. Bxf6 gxf6 24. Rxf3 Rd2 25. Re3+ Kd7 26. Rd3+ Rxd3 27. exd3 Kd6 28. Rc4 Re8 29. Kf2 Re5 30. Rf4 Ke6 31. Re4 Rxe4 32. dxe4 Ke5 33. Ke3 f5 34. exf5 Kxf5 35. h3 Ke5 36. g4 f5 37. g5 f4+ 38. Kf3 Kf5 39. h4 Ke5 40. b4 a6 41. a4 b6 42. h5 Kf5 43. g6 hxg6 44. h6 Kf6 45. Kxf4 g5+ 46. Kg4 Kg6 47. h7 Kxh7 48. Kxg5 Kg7 49. b5 a5 50. Kf5 Kf7 51. Ke5 Ke7 52. Kd5 Kd7 53. Ke5 Ke7 1/2-1/2

[Event "SVK-chT 0809"]
[Site "Slovakia"]
[Date "2008.10.25"]
[Round "1"]
[White "Kantorik, Marian"]
[Black "Hrivnak, Martin"]
[Result "1/2-1/2"]
[WhiteElo "2288"]
[BlackElo "2169"]
[PlyCount "84"]
[EventDate "2008.10.25"]
[EventType "team-tourn"]
[EventRounds "11"]
[EventCountry "SVK"]
[SourceTitle "EXT 2019"]
[Source "ChessBase"]
[SourceDate "2018.10.10"]
[SourceVersion "1"]
[SourceVersionDate "2018.10.10"]
[SourceQuality "1"]
[WhiteTeam "Cadca"]
[BlackTeam "Hlohovec"]
[WhiteTeamCountry "SVK"]
[BlackTeamCountry "SVK"]

1. d4 d6 2. c4 Nd7 3. Nc3 e5 4. Nf3 Ngf6 5. e4 Be7 6. Be2 c6 7. 0-0 h5 8. h3 h4 9. Be3 Nh7 10. Nh2 Bg5 11. f4 exf4 12. Bxf4 Ndf8 13. Bg4 Bxg4 14. Nxg4 Bxf4 15. Rxf4 Ne6 16. Rf2 0-0 17. d5 Neg5 18. e5 f5 19. exf6 Nxf6 20. Qd4 Nh5 21. Raf1 Qe7 22. Rxf8+ Rxf8 23. Rxf8+ Kxf8 24. Qf2+ Kg8 25. Qe3 Qxe3+ 26. Nxe3 Ng3 27. b4 Kf7 28. a4 cxd5 29. cxd5 a6 30. Nc4 Ke7 31. Na5 N5e4 32. Nxe4 Nxe4 33. Nxb7 Nc3 34. Kf2 Nxd5 35. b5 axb5 36. axb5 Nc3 37. b6 Nd5 38. Kf3 Nxb6 39. Kg4 Nc4 40. Kxh4 Kd7 41. Kg5 Kc7 42. Nxd6 Kxd6 1/2-1/2

[Event "SVK-chT 0708"]
[Site "Slovakia"]
[Date "2008.03.29"]
[Round "10"]
[White "Macko, Michal"]
[Black "Hrivnak, Martin"]
[Result "0-1"]
[WhiteElo "2173"]
[BlackElo "2190"]
[PlyCount "74"]
[EventDate "2007.10.20"]
[EventType "team-tourn"]
[EventRounds "11"]
[EventCountry "SVK"]
[SourceTitle "EXT 2019"]
[Source "ChessBase"]
[SourceDate "2018.10.10"]
[SourceVersion "1"]
[SourceVersionDate "2018.10.10"]
[SourceQuality "1"]
[WhiteTeam "Liptov"]
[BlackTeam "Hlohovec"]
[WhiteTeamCountry "SVK"]
[BlackTeamCountry "SVK"]

1. e4 d6 2. d4 Nf6 3. Nc3 e5 4. Nf3 Nbd7 5. Bc4 Be7 6. 0-0 0-0 7. h3 c6 8. a4 h6 9. Re1 Nh7 10. Ne2 Ng5 11. Bxg5 hxg5 12. c3 g6 13. Bb3 Kg7 14. Ng3 Rh8 15. Qe2 Bf6 16. a5 Nf8 17. Qd2 Qe7 18. Nh2 g4 19. Nxg4 Bxg4 20. hxg4 Bg5 21. Qd3 Bf4 22. Kf1 Qh4 23. Ke2 Qxg4+ 24. Qf3 Qxf3+ 25. Kxf3 Nh7 26. Bc2 Ng5+ 27. Ke2 exd4 28. cxd4 Rae8 29. Kd3 Bxg3 30. fxg3 Rh2 31. a6 b6 32. Re2 f5 33. e5 dxe5 34. dxe5 Ne4 35. g4 Rxe5 36. gxf5 Nc5+ 37. Kd2 Rxe2+ 0-1

[Event "SVK-chT1E 0708"]
[Site "Slovakia"]
[Date "2008.02.09"]
[Round "8.3"]
[White "Hrivnak, Martin"]
[Black "Madar, Martin"]
[Result "0-1"]
[WhiteElo "2190"]
[BlackElo "2132"]
[PlyCount "110"]
[EventDate "2007.10.13"]
[EventType "team-swiss"]
[EventRounds "11"]
[EventCountry "SVK"]
[SourceTitle "EXT 2009"]
[Source "ChessBase"]
[SourceDate "2008.11.26"]
[SourceVersion "1"]
[SourceVersionDate "2008.11.26"]
[SourceQuality "1"]
[WhiteTeam "Kosice Slavia UPJS II"]
[BlackTeam "Liptov SK II"]
[WhiteTeamCountry "SVK"]
[BlackTeamCountry "SVK"]

1. d4 Nf6 2. Nf3 g6 3. c4 Bg7 4. Nc3 0-0 5. e4 d6 6. Be2 Nbd7 7. 0-0 e5 8. Re1 c6 9. Bf1 Qc7 10. Rb1 Re8 11. d5 a5 12. a3 Nf8 13. b4 axb4 14. axb4 cxd5 15. Nb5 Qb8 16. cxd5 Bd7 17. Na3 Ba4 18. Qd3 N8d7 19. Be3 Ng4 20. Nd2 Rf8 21. Ndc4 f5 22. f3 fxe4 23. fxe4 Nxe3 24. Qxe3 Nf6 25. Be2 Bd7 26. h3 Qa7 27. Bf3 Bh6 28. Qxa7 Rxa7 29. Nc2 Rc8 30. N2e3 Ne8 31. Nb6 Rc3 32. Nf1 Bb5 33. Ra1 Ra6 34. Rxa6 bxa6 35. Bg4 Rb3 36. Be6+ Kf8 37. Nc8 Rxb4 38. Nh2 Bd2 39. Rd1 Be3+ 40. Kh1 Rc4 41. Rf1+ Bf4 42. g3 Rc1 43. Rxc1 Bxc1 44. Nf3 a5 45. Na7 Bd3 46. Kg2 a4 47. Nc6 a3 48. Nb4 Bb1 49. Nxe5 dxe5 50. d6 Nxd6 51. Kf3 Nxe4 52. Kg4 Nc3 53. h4 a2 54. Bxa2 Nxa2 55. Nd5 Bf5+ 0-1

[Event "SVK-chT2A 0708"]
[Site "Slovakia"]
[Date "2008.01.12"]
[Round "7.2"]
[White "Maslik, Miroslav"]
[Black "Hrivnak, Martin"]
[Result "1/2-1/2"]
[WhiteElo "2298"]
[BlackElo "2190"]
[PlyCount "21"]
[EventDate "2007.10.06"]
[EventType "team-tourn"]
[EventRounds "11"]
[EventCountry "SVK"]
[SourceTitle "EXT 2010"]
[Source "ChessBase"]
[SourceDate "2010.11.25"]
[SourceVersion "1"]
[SourceVersionDate "2010.11.25"]
[SourceQuality "1"]
[WhiteTeam "Pezinok KS"]
[BlackTeam "Bratislava Slavia STU"]
[WhiteTeamCountry "SVK"]
[BlackTeamCountry "SVK"]

1. e4 d6 2. d4 Nf6 3. Nc3 e5 4. Nf3 Nbd7 5. Bc4 Be7 6. 0-0 0-0 7. Qe2 c6 8. a4 Nh5 9. g3 exd4 10. Nxd4 Nc5 11. Nf5 1/2-1/2

[Event "SVK-chT1E 0708"]
[Site "Slovakia"]
[Date "2007.12.09"]
[Round "6.2"]
[White "Hrivnak, Martin"]
[Black "Miklas, Marian"]
[Result "1/2-1/2"]
[WhiteElo "2190"]
[BlackElo "2186"]
[PlyCount "94"]
[EventDate "2007.10.13"]
[EventType "team-swiss"]
[EventRounds "11"]
[EventCountry "SVK"]
[SourceTitle "EXT 2019"]
[Source "ChessBase"]
[SourceDate "2018.10.10"]
[SourceVersion "1"]
[SourceVersionDate "2018.10.10"]
[SourceQuality "1"]
[WhiteTeam "Hlohovec SK Zentiva II"]
[BlackTeam "Trnava Lokomotiva"]
[WhiteTeamCountry "SVK"]
[BlackTeamCountry "SVK"]

1. Nf3 g6 2. d4 Nf6 3. c4 Bg7 4. Nc3 0-0 5. e4 d6 6. Be2 e5 7. 0-0 Nc6 8. d5 Ne7 9. Ne1 Nd7 10. Be3 f5 11. f3 f4 12. Bf2 g5 13. Rc1 Nf6 14. c5 Ne8 15. cxd6 cxd6 16. Nb5 a6 17. Na7 Bd7 18. Qb3 Qb8 19. Qb6 Ng6 20. Rc3 g4 21. fxg4 Nf6 22. Rc7 Rxa7 23. g5 Nxe4 24. Rxd7 Nxf2 25. Rxf2 e4 26. Nc2 Ra8 27. Bg4 Kh8 28. Rxb7 Qe8 29. Qc7 Qe5 30. Re2 Nh4 31. Qe7 Rae8 32. Qxe5 Rxe5 33. Be6 f3 34. gxf3 Nxf3+ 35. Kh1 Nxg5 36. Rb4 Nxe6 37. dxe6 Rxe6 38. Rbxe4 Rxe4 39. Rxe4 Bxb2 40. Kg2 Be5 41. Ra4 Rb8 42. Kf3 Rb2 43. Ne3 Rxh2 44. Rxa6 Rh3+ 45. Ke4 h5 46. Nf5 Kh7 47. Nxd6 Bxd6 1/2-1/2

[Event "SVK-chT 0708"]
[Site "Slovakia"]
[Date "2007.10.21"]
[Round "2"]
[White "Hrivnak, Martin"]
[Black "Szucs, Vladimir"]
[Result "1-0"]
[WhiteElo "2190"]
[BlackElo "2161"]
[PlyCount "87"]
[EventDate "2007.10.20"]
[EventType "team-tourn"]
[EventRounds "11"]
[EventCountry "SVK"]
[SourceTitle "EXT 2019"]
[Source "ChessBase"]
[SourceDate "2018.10.10"]
[SourceVersion "1"]
[SourceVersionDate "2018.10.10"]
[SourceQuality "1"]
[WhiteTeam "Hlohovec"]
[BlackTeam "Nove Zamky Basta"]
[WhiteTeamCountry "SVK"]
[BlackTeamCountry "SVK"]

1. d4 d5 2. c4 dxc4 3. e3 Nf6 4. Bxc4 e6 5. Nf3 c5 6. 0-0 a6 7. a4 Nc6 8. Nc3 Qc7 9. Qe2 Bd6 10. h3 0-0 11. Rd1 h6 12. dxc5 Bxc5 13. e4 e5 14. Nd5 Nxd5 15. Bxd5 Nd4 16. Nxd4 Bxd4 17. Ra3 Qb6 18. Rb3 Qf6 19. Rf3 Qe7 20. Rg3 Kh7 21. Qh5 Qf6 22. Rf3 Qg6 23. Qxg6+ Kxg6 24. Be3 Bxe3 25. Rxe3 Rb8 26. Rc1 Bd7 27. Rc7 Bxa4 28. Rg3+ Kh7 29. Bxf7 Kh8 30. Bd5 g5 31. h4 Rbc8 32. Rxc8 Rxc8 33. hxg5 h5 34. Bxb7 Rc1+ 35. Kh2 Bb5 36. Ra3 Rc2 37. Kg3 Rxb2 38. Bxa6 Bc6 39. f3 h4+ 40. Kxh4 Rxg2 41. Bc8 Bb5 42. Ra5 Rb2 43. Ba6 Bxa6 44. Rxa6 1-0